<?xml version="1.0" encoding="UTF-8"?>
<collection xmlns="http://www.loc.gov/MARC21/slim">
 <record>
  <leader>00636nam a2200217 a 4500</leader>
  <controlfield tag="001">000029174</controlfield>
  <controlfield tag="003">17656</controlfield>
  <controlfield tag="005">20171030145630.0</controlfield>
  <controlfield tag="008">171030s2001</controlfield>
  <datafield tag="040" ind1=" " ind2=" ">
   <subfield code="a">LTT</subfield>
  </datafield>
  <datafield tag="082" ind1="0" ind2=" ">
   <subfield code="a">320.15</subfield>
   <subfield code="b">Se-D</subfield>
  </datafield>
  <datafield tag="245" ind1="0" ind2="0">
   <subfield code="a">The self-determination of peoples : community, nation, and state in an interdependent world ;</subfield>
   <subfield code="c">Wolfgang Danspeckgruber, editor ; foreword by Prince Hans Adam II of Liechtenstein.</subfield>
  </datafield>
  <datafield tag="260" ind1=" " ind2=" ">
   <subfield code="b">Rienner</subfield>
   <subfield code="c">2001</subfield>
  </datafield>
  <datafield tag="500" ind1=" " ind2=" ">
   <subfield code="a">ASIA</subfield>
  </datafield>
  <datafield tag="OWN" ind1=" " ind2=" ">
   <subfield code="a">LTT</subfield>
  </datafield>
  <datafield tag="999" ind1=" " ind2=" ">
   <subfield code="a">From the UDN01</subfield>
  </datafield>
  <datafield tag="TYP" ind1=" " ind2=" ">
   <subfield code="a">Monograph</subfield>
  </datafield>
  <datafield tag="TYP" ind1=" " ind2=" ">
   <subfield code="a">Printed language</subfield>
  </datafield>
  <datafield tag="980" ind1=" " ind2=" ">
   <subfield code="a">Mạng thư viện Đại học Đà Nẵng</subfield>
  </datafield>
 </record>
</collection>
